[Event "EU-ch U20 Girls"]
[Site "Baku"]
[Date "2002.07.19"]
[Round "6"]
[White "Mammadova, Nargiz"]
[Black "Khusnutdinova, Luiza"]
[Result "1-0"]
[WhiteElo "2058"]
[BlackElo "2312"]
[PlyCount "116"]
[EventDate "2002.07.14"]
[EventType "swiss"]
[EventRounds "11"]
[EventCountry "AZE"]
[SourceTitle "CBM 089 Extra"]
[Source "ChessBase"]
[SourceDate "2002.09.10"]
[SourceVersion "2"]
[SourceVersionDate "2002.09.10"]
[SourceQuality "1"]

1. Nf3 d5 2. c4 c6 3. b3 Bf5 4. g3 e6 5. Bb2 Nf6 6. Bg2 Nbd7 7. 0-0 Be7 8. d3 0-0 9. Nbd2 h6 10. a3 a5 11. Rc1 Bh7 12. Rc2 b5 13. Nd4 Qb6 14. Nxc6 Qxc6 15. cxd5 Qb6 16. dxe6 Qxe6 17. Bxa8 Rxa8 18. Nf3 Bc5 19. Qc1 Bf8 20. Nd4 Qd5 21. Qf4 b4 22. axb4 axb4 23. Qf3 Qxf3 24. Nxf3 Bf5 25. Ra1 Rxa1+ 26. Bxa1 Be6 27. Nd4 Nc5 28. Nxe6 fxe6 29. Bxf6 gxf6 30. Rb2 e5 31. Kf1 Kf7 32. Ke1 Ne6 33. e3 Nc7 34. Kd2 Nb5 35. Ra2 Bd6 36. Ra5 Nc3 37. f3 Ke6 38. d4 exd4 39. exd4 Nd5 40. Ra8 Ne7 41. Kd3 Ng6 42. Ra7 Ne7 43. Ra6 Kd5 44. Ra5+ Ke6 45. Rh5 Ng8 46. g4 Bf4 47. Ke4 Bd2 48. Rb5 Ne7 49. f4 Bc3 50. Rb6+ Kf7 51. h4 Bd2 52. d5 Bxf4 53. d6 Bg3 54. dxe7 Bxh4 55. Rxb4 Kxe7 56. Kd5 Bg3 57. Rb7+ Kf8 58. Ke6 Bh4 1-0

[Event "EU-ch U20 Girls"]
[Site "Baku"]
[Date "2002.07.16"]
[Round "3"]
[White "Khusnutdinova, Luiza"]
[Black "Makka, Ioulia"]
[Result "1-0"]
[WhiteElo "2312"]
[BlackElo "2196"]
[PlyCount "75"]
[EventDate "2002.07.14"]
[EventType "swiss"]
[EventRounds "11"]
[EventCountry "AZE"]
[SourceTitle "CBM 089 Extra"]
[Source "ChessBase"]
[SourceDate "2002.09.10"]
[SourceVersion "2"]
[SourceVersionDate "2002.09.10"]
[SourceQuality "1"]

1. d4 d5 2. Nf3 Nf6 3. c4 c6 4. Nc3 a6 5. c5 Nbd7 6. Bf4 Nh5 7. Bd2 g6 8. e4 dxe4 9. Nxe4 Ndf6 10. Nxf6+ exf6 11. Bc4 Qe7+ 12. Qe2 Qxe2+ 13. Kxe2 Ng7 14. Rhe1 Be6 15. b3 0-0-0 16. Kf1 Bd5 17. Ba5 Rd7 18. Rad1 Ne6 19. Nd2 b5 20. cxb6 Kb7 21. Ne4 Be7 22. Nc3 Rc8 23. Bxd5 cxd5 24. Na4 Rdd8 25. b4 Rc4 26. Nc5+ Bxc5 27. dxc5 Kc6 28. a4 Rb8 29. Rd2 f5 30. Rde2 Re4 31. f3 Rxe2 32. Rxe2 d4 33. Re5 Re8 34. Ke1 f6 35. Re2 Kd5 36. Kd2 f4 37. b7 Rb8 38. c6 1-0